000 00615nam a2200229Ia 4500
003 GCL
008 140319s9999 xx 000 0 ara d
040 _aGCL /
_cGCL
082 0 4 _a711.45
_bا ف
100 1 _aهنرى زغيب
245 1 0 _aفن تخطيط المدن /
_cهنرى زغيب
700 1 _aاوزيل , روبير
700 1 _aبهيج شعبان (مترجم)
260 _a[S.N] :
_bمنشورات عويدان
300 _a165 ص
490 _a
650 0 4 _aالهندسة
650 0 4 _aالمدن
650 0 4 _aالعمارة
650 0 4 _aتخطيط المدن
942 _2ddc
_cBK
999 _c35232
_d35232